World Countries, Capitals, Demonyms, Languages, and Currencies - Statistics

General Stats
  • This quiz has been taken 1,116 times
    760 since last reset
  • The average score is 471 of 975
Answer Stats
Hint Country Name Category Answer % Correct
Afghanistan Country Afghanistan
94%
Afghanistan Capital Kabul
89%
Albania Country Albania
88%
Afghanistan Demonym Afghan
84%
Albania Demonym Albanian
82%
Albania Language Albanian
82%
Algeria Country Algeria
82%
Argentina Country Argentina
82%
Australia Country Australia
82%
Andorra Country Andorra
81%
Austria Country Austria
80%
Australia Capital Canberra
80%
Australia Language English
80%
Argentina Language Spanish
80%
Angola Country Angola
79%
Argentina Capital Buenos Aires
79%
Australia Currency Dollar
79%
Albania Capital Tirana
79%
Algeria Demonym Algerian
78%
Algeria Capital Algiers
78%
Algeria Language Arabic / Berber
78%
Australia Demonym Australian
78%
Austria Capital Vienna
78%
Antigua and Barbuda Country Antigua and Barbuda
77%
Argentina Demonym Argentine / Argentinian / Argentinean
77%
Austria Demonym Austrian
77%
Austria Language German
77%
Andorra Capital Andorra la Vella
76%
Belgium Country Belgium
76%
Austria Currency Euro
76%
Andorra Demonym Andorran
75%
Azerbaijan Country Azerbaijan
75%
Bangladesh Country Bangladesh
75%
Armenia Country Armenia
74%
Barbados Country Barbados
74%
Andorra Currency Euro
74%
Angola Demonym Angolan
73%
Azerbaijan Demonym Azerbaijani / Azeri
73%
Belgium Capital Brussels
73%
Belgium Language Dutch / French / German
73%
Belgium Currency Euro
73%
Afghanistan Language Pashto / Dari
73%
Argentina Currency Peso
73%
Armenia Language Armenian
72%
Bahrain Country Bahrain
72%
Belarus Country Belarus
71%
Belgium Demonym Belgian
71%
Bhutan Country Bhutan
71%
Brazil Country Brazil
71%
Antigua and Barbuda Language None / English
71%
Bahamas Country The Bahamas
71%
Antigua and Barbuda Demonym Antiguan / Barbudan
70%
Armenia Demonym Armenian
70%
Azerbaijan Language Azerbaijani
70%
Bangladesh Language Bengali
70%
Canada Country Canada
70%
Brazil Language Portuguese
70%
Bahrain Language Arabic
69%
Azerbaijan Capital Baku
69%
Brazil Capital Brasilia
69%
Andorra Language Catalan
69%
China Country China
69%
Bahamas Language English
69%
Barbados Language English
69%
China Capital Beijing
68%
Belarus Language Belarusian / Russian
68%
Cambodia Country Cambodia
68%
China Language Chinese / Mandarin
68%
Cyprus Country Cyprus
68%
Denmark Country Denmark
68%
Bangladesh Capital Dhaka
68%
Canada Language English / French
68%
Belarus Capital Minsk
68%
Canada Capital Ottawa
68%
Belarus Demonym Belarusian
67%
Belize Country Belize
67%
Brazil Demonym Brazilian
67%
Canada Demonym Canadian
67%
China Demonym Chinese
67%
Canada Currency Dollar
67%
Bangladesh Demonym Bangladeshi
66%
Bosnia and Herzegovina Country Bosnia and Herzegovina
66%
Cambodia Demonym Cambodian / Khmer / Kampuchean
66%
Denmark Capital Copenhagen
66%
Croatia Country Croatia
66%
Denmark Language Danish
66%
Bahamas Currency Dollar
66%
Finland Country Finland
66%
France Country France
66%
Germany Country Germany
66%
Greece Country Greece
66%
Cambodia Language Khmer
66%
Greece Capital Athens
65%
Germany Capital Berlin
65%
Chile Country Chile
65%
Colombia Country Colombia
65%
Czech Republic Country Czech Republic
65%
Denmark Demonym Danish / Dane
65%
Barbados Currency Dollar
65%
Estonia Country Estonia
65%
France Currency Euro
65%
France Language French
65%
Germany Language German
65%
Greece Language Greek
65%
Ireland Country Ireland
65%
Japan Country Japan
65%
France Capital Paris
65%
Bosnia and Herzegovina Language Bosnian / Croatian / Serbian
64%
Bulgaria Country Bulgaria
64%
Cuba Country Cuba
64%
Antigua and Barbuda Currency Dollar
64%
Egypt Country Egypt
64%
Belize Language English
64%
Germany Currency Euro
64%
Finland Demonym Finnish / Finn
64%
Finland Language Finnish / Swedish
64%
France Demonym French
64%
Georgia Country Georgia
64%
Germany Demonym German
64%
Greece Demonym Greek / Hellene
64%
Cyprus Language Greek / Turkish
64%
Finland Capital Helsinki
64%
Israel Country Israel
64%
Italy Country Italy
64%
Jamaica Country Jamaica
64%
Japan Language Japanese
64%
Angola Capital Luanda
64%
South Korea Country South Korea
64%
Chile Language Spanish
64%
Japan Capital Tokyo
64%
Bahrain Demonym Bahraini
63%
Bosnia and Herzegovina Demonym Bosnian / Herzegovinian
63%
Brunei Country Brunei
63%
Chad Country Chad
63%
Colombia Demonym Colombian
63%
Croatia Demonym Croatian
63%
Croatia Language Croatian
63%
Czech Republic Language Czech
63%
Ireland Capital Dublin
63%
Estonia Language Estonian
63%
Greece Currency Euro
63%
Fiji Country Fiji
63%
Iceland Country Iceland
63%
India Country India
63%
Iran Country Iran
63%
Iraq Country Iraq
63%
Ireland Language Irish / English
63%
Italy Language Italian
63%
South Korea Language Korean
63%
Czech Republic Capital Prague
63%
Italy Capital Rome
63%
South Korea Capital Seoul
63%
Colombia Language Spanish
63%
Egypt Language Arabic
62%
Benin Country Benin
62%
Botswana Country Botswana
62%
Bulgaria Language Bulgarian
62%
Egypt Capital Cairo
62%
Cameroon Country Cameroon
62%
Chile Demonym Chilean
62%
Côte d’Ivoire Country Côte d’Ivoire
62%
Ecuador Country Ecuador
62%
Egypt Demonym Egyptian
62%
Jamaica Language English
62%
Estonia Demonym Estonian
62%
Finland Curreny Euro
62%
Italy Currency Euro
62%
Ireland Demonym Irish
62%
Israel Demonym Israeli
62%
Jamaica Demonym Jamaican
62%
Japan Demonym Japanese
62%
Kazakhstan Country Kazakhstan
62%
Kenya Country Kenya
62%
Lebanon Country Lebanon
62%
Bahamas Capital Nassau
62%
Cuba Language Spanish
62%
Japan Currency Yen
62%
Armenia Capital Yerevan
62%
Croatia Capital Zagreb
62%
Colombia Capital Bogotá
61%
Bulgaria Demonym Bulgarian
61%
Cuba Demonym Cuban
61%
Czech Republic Demonym Czech
61%
Belize Currency Dollar
61%
Dominican Republic Country Dominican Republic
61%
El Salvador Country El Salvador
61%
Estonia Currency Euro
61%
Ireland Currency Euro
61%
Georgia Demonym Georgian
61%
Georgia Language Georgian
61%
Guatemala Country Guatemala
61%
Cuba Capital Havana
61%
Israel Language Hebrew
61%
India Language Hindi / English
61%
Indonesia Country Indonesia
61%
Italy Demonym Italian
61%
Israel Capital Jerusalem
61%
Jordan Country Jordan
61%
Kosovo Country Kosovo
61%
Mexico Country Mexico
61%
India Capital New Delhi
61%
North Korea Country North Korea
61%
Chile Capital Santiago
61%
Bulgaria Capital Sofia
61%
South Korea Demonym South Korean / Korean
61%
Ecuador Language Spanish
61%
Iraq Language Arabic / Kurdish
60%
Iraq Capital Baghdad
60%
Bhutan Demonym Bhutanese
60%
Djibouti Country Djibouti
60%
Dominica Country Dominica
60%
Fiji Language English / Fijian / Fiji Hindi
60%
Eswatini Country Eswatini
60%
Hungary Country Hungary
60%
India Demonym Indian
60%
Iraq Demonym Iraqi
60%
Jamaica Capital Kingston
60%
Laos Country Laos
60%
Latvia Country Latvia
60%
Luxembourg Country and Capital Luxembourg
60%
Mexico Capital Mexico City
60%
Chile Currency Peso
60%
Colombia Currency Peso
60%
North Korea Capital Pyongyang
60%
Iceland Capital Reykjavik
60%
Bosnia and Herzegovina Capital Sarajevo
60%
Dominican Republic Language Spanish
60%
Mexico Language Spanish
60%
Estonia Capital Tallinn
60%
Bolivia Country Bolivia
59%
Comoros Country Comoros
59%
Costa Rica Country Costa Rica
59%
Democratic Republic of the Congo Country Democratic Republic of the Congo
59%
Ethiopia Country Ethiopia
59%
Croatia Currency Euro
59%
Cyprus Currency Euro
59%
Fiji Demonym Fijian
59%
Haiti Country Haiti
59%
Honduras Country Honduras
59%
Hungary Language Hungarian
59%
Iceland Language Icelandic
59%
Iran Demonym Iranian
59%
Indonesia Capital Jakarta
59%
Kazakhstan Language Kazakh / Russian
59%
Kenya Demonym Kenyan
59%
North Korea Language Korean
59%
Kuwait Country Kuwait
59%
Liberia Country Liberia
59%
Malaysia Country Malaysia
59%
Mexico Demonym Mexican
59%
New Zealand Country New Zealand
59%
Cyprus Capital Nicosia
59%
North Korea Demonym North Korean / Korean
59%
Norway Country Norway
59%
Belarus Currency Ruble
59%
Costa Rica Language Spanish
59%
El Salvador Language Spanish
59%
Guatemala Language Spanish
59%
Iran Capital Tehran
59%
Jordan Language Arabic
58%
Lebanon Language Arabic
58%
Chad Language Arabic / French
58%
Hungary Capital Budapest
58%
Burkina Faso Country Burkina Faso
58%
Burundi Country Burundi
58%
Jamaica Currency Dollar
58%
Dominican Republic Demonym Dominican
58%
Ecuador Demonym Ecuadorian
58%
New Zealand Language English / Māori / NZ Sign Language
58%
Luxembourg Currency Euro
58%
Côte d’Ivoire Language French
58%
Ghana Country Ghana
58%
Iceland Demonym Icelander / Icelandic
58%
Indonesia Demonym Indonesian
58%
Kazakhstan Demonym Kazakh / Kazakhstani
58%
Kiribati Country Kiribati
58%
Kyrgyzstan Country Kyrgyzstan
58%
Latvia Language Latvian
58%
Lebanon Demonym Lebanese
58%
Lithuania Country Lithuania
58%
Luxembourg Language Luxembourgish / German / French
58%
Malaysia Language Malay
58%
Malta Country Malta
58%
Monaco Country and Capital Monaco
58%
Nepal Country Nepal
58%
Netherlands Country Netherlands
58%
Iran Language Persian
58%
Cambodia Capital Phnom Penh
58%
India Currency Rupee
58%
Bolivia Language Spanish / Quechua / Aymara / Guarani
58%
Kenya Language Swahili / English
58%
Bolivia Demonym Bolivian
57%
Cabo Verde Country Cabo Verde
57%
Dominica Demonym Dominican
57%
Hungary Demonym Hungarian
57%
Indonesia Language Indonesian
57%
Laos Language Lao
57%
Liechtenstein Country Liechtenstein
57%
Kenya Capital Nairobi
57%
Cuba Currency Peso
57%
Mexico Currency Peso
57%
China Currency Renminbi / Yuan
57%
Latvia Capital Riga
57%
Honduras Language Spanish
57%
Georgia Capital Tbilisi
57%
East Timor Country Timor-Leste
57%
Netherlands Capital Amsterdam
56%
Lebanon Capital Beirut
56%
Belize Capital Belmopan
56%
Costa Rica Demonym Costa Rican
56%
Netherlands Language Dutch
56%
Bhutan Language Dzongkha
56%
Dominica Language English / Dominican Creole
56%
Eritrea Country Eritrea
56%
Ethiopia Demonym Ethiopian
56%
Latvia Currency Euro
56%
Haiti Language French / Haitian Creole
56%
Haiti Demonym Haitian
56%
Laos Demonym Lao / Laotian
56%
Latvia Demonym Latvian
56%
Libya Country Libya
56%
Lithuania Language Lithuanian
56%
Malaysia Demonym Malaysian
56%
Bahrain Capital Manama
56%
Moldova Country Moldova
56%
Nepal Language Nepali
56%
Nigeria Country Nigeria
56%
Norway Language Norwegian / Sami
56%
Norway Capital Oslo
56%
Portugal Country Portugal
56%
Angola Language Portuguese
56%
Ecuador Capital Quito
56%
Romania Country Romania
56%
Russia Country Russia
56%
El Salvador Capital San Salvador
56%
Kosovo Language Albanian / Serbian
55%
Kuwait Language Arabic
55%
Djibouti Language Arabic / French
55%
Bahamas Demonym Bahamian
55%
Central African Republic Country Central African Republic
55%
Djibouti Demonym Djiboutian
55%
Djibouti Capital Djibouti City
55%
New Zealand Currency Dollar
55%
Netherlands Demonym Dutch
55%
Cameroon Language English / French
55%
Lithuania Currency Euro
55%
Netherlands Currency Euro / Dollar (in the Caribbeans)
55%
Democratic Republic of the Congo Language French
55%
Monaco Language French
55%
Guyana Country Guyana
55%
Jordan Demonym Jordanian
55%
Denmark Currency Krone
55%
Malaysia Capital Kuala Lumpur
55%
Kuwait Demonym Kuwaiti
55%
Lithuania Demonym Lithuanian
55%
Maldives Country Maldives
55%
Mauritania Country Mauritania
55%
Mongolia Country Mongolia
55%
Morocco Country Morocco
55%
Nepal Demonym Nepali / Nepalese
55%
Norway Demonym Norwegian
55%
Pakistan Country Pakistan
55%
Panama Country Panama
55%
Poland Country Poland
55%
Qatar Country Qatar
55%
Bolivia Capital Sucre / La Paz
55%
New Zealand Capital Wellington
55%
Chad Demonym Chadian
54%
Comoros Language Comorian / French / Arabic
54%
Dominica Currency Dollar
54%
Fiji Currency Dollar
54%
Liberia Language English
54%
Equatorial Guinea Country Equatorial Guinea
54%
Monaco Currency Euro
54%
Benin Language French
54%
Gabon Country Gabon
54%
Grenada Country Grenada
54%
Guatemala Capital Guatemala City
54%
Guatemala Demonym Guatemalan
54%
Guinea Country Guinea
54%
Guinea-Bissau Country Guinea-Bissau
54%
Kuwait Capital Kuwait City
54%
Kyrgyzstan Language Kyrgyz / Russian
54%
Lesotho Country Lesotho
54%
Liberia Demonym Liberian
54%
Malta Demonym Maltese
54%
Malta Language Maltese / English
54%
Mongolia Language Mongolian
54%
Russia Capital Moscow
54%
Nicaragua Country Nicaragua
54%
Niger Country Niger
54%
North Macedonia Country North Macedonia
54%
Dominican Republic Currency Peso
54%
Philippines Country Philippines
54%
Haiti Capital Port-au-Prince
54%
Portugal Language Portuguese
54%
Republic of the Congo Country Republic of the Congo
54%
Russia Language Russian
54%
Gambia Country The Gambia
54%
Ethiopia Capital Addis Ababa
53%
Libya Language Arabic
53%
Morocco Language Arabic / Tamazight
53%
Kazakhstan Capital Astana
53%
Barbados Demonym Barbadian
53%
Barbados Capital Bridgetown
53%
Cameroon Demonym Cameroonian
53%
Guyana Language English
53%
Kiribati Language English / Gilbertese
53%
Malta Currency Euro
53%
Portugal Currency Euro
53%
Liechtenstein Language German
53%
Nepal Capital Kathmandu
53%
Libya Demonym Libyan
53%
Portugal Capital Lisbon
53%
Luxembourg Demonym Luxembourger / Luxembourgish
53%
Mongolia Demonym Mongolian / Mongol
53%
Montenegro Country Montenegro
53%
Nigeria Demonym Nigerian
53%
Pakistan Demonym Pakistani
53%
Palau Country Palau
53%
Poland Language Polish
53%
Portugal Demonym Portuguese
53%
Romania Demonym Romanian
53%
Romania Language Romanian
53%
Russia Demonym Russian
53%
Dominican Republic Capital Santo Domingo
53%
Saudi Arabia Country Saudi Arabia
53%
Nicaragua Language Spanish
53%
Panama Language Spanish
53%
Antigua and Barbuda Capital St. John's
53%
Bhutan Capital Thimphu
53%
Lithuania Capital Vilnius
53%
Jordan Capital Amman
52%
Qatar Language Arabic
52%
Romania Capital Bucharest
52%
Democratic Republic of the Congo Demonym Congolese
52%
Cyprus Demonym Cypriot
52%
Eritrea Demonym Eritrean
52%
Central African Republic Language French / Sango
52%
Democratic Republic of the Congo Capital Kinshasa
52%
Kyrgyzstan Demonym Kyrgyz
52%
Malawi Country Malawi
52%
Papua New Guinea Country Papua New Guinea
52%
Peru Country Peru
52%
Poland Demonym Polish / Pole
52%
Costa Rica Capital San José
52%
Serbia Country Serbia
52%
Poland Capital Warsaw
52%
Saudi Arabia Language Arabic
51%
Burundi Demonym Burundian
51%
Grenada Language English
51%
Philippines Language Filipino / English
51%
Republic of the Congo Language French
51%
Guinea Language French
51%
Gambia Demonym Gambian
51%
Pakistan Capital Islamabad
51%
Burundi Language Kirundi / French / English / Swahili
51%
Madagascar Country Madagascar
51%
Mali Country Mali
51%
Marshall Islands Country Marshall Islands
51%
Mauritius Country Mauritius
51%
Moldova Demonym Moldovan
51%
Morocco Demonym Moroccan
51%
Mozambique Country Mozambique
51%
Panama Capital Panama City
51%
Paraguay Country Paraguay
51%
Cabo Verde Language Portuguese
51%
Kosovo Capital Pristina
51%
Qatar Demonym Qatari
51%
San Marino Country and Capital San Marino
51%
Singapore Country and Capital Singapore
51%
South Africa Country South Africa
51%
Spain Country Spain
51%
Libya Capital Tripoli
51%
Mongolia Capital Ulaanbaatar
51%
Liechtenstein Capital Vaduz
51%
Malta Capital Valletta
51%
Ghana Capital Accra
50%
Nigeria Language English
50%
Gabon Language French
50%
Guinea Demonym Guinean
50%
North Macedonia Demonym Macedonian
50%
North Macedonia Language Macedonian / Albanian
50%
Philippines Capital Manila
50%
Oman Country Oman
50%
Morocco Capital Rabat
50%
Slovakia Country Slovakia
50%
Slovenia Country Slovenia
50%
Peru Language Spanish
50%
Spain Language Spanish
50%
Equatorial Guinea Language Spanish / French / Portuguese
50%
Eswatini Langauge Swazi / English
50%
Sweden Country Sweden
50%
Switzerland Country Switzerland
50%
Moldova Capital Chișinău
49%
Republic of the Congo Demonym Congolese / Congo
49%
Qatar Capital Doha
49%
Spain Currency Euro
49%
Philippines Demonym Filipino
49%
Peru Capital Lima
49%
Spain Capital Madrid
49%
Brunei Language Malay
49%
Nauru Country Nauru
49%
Chad Capital N'Djamena
49%
New Zealand Demonym New Zealander
49%
Nicaragua Demonym Nicaraguan
49%
Saudi Arabia Capital Riyadh
49%
Russia Currency Ruble
49%
Saudi Arabia Demonym Saudi / Saudi Arabian
49%
Serbia Language Serbian
49%
Seychelles Country Seychelles
49%
Spain Demonym Spaniard / Spanish
49%
Paraguay Language Spanish / Guarani
49%
Sri Lanka Country Sri Lanka
49%
Laos Capital Vientiane
49%
Brunei Demonym Bruneian
48%
Grenada Currency Dollar
48%
Ghana Language English
48%
Honduras Demonym Honduran
48%
San Marino Language Italian
48%
Kosovo Demonym Kosovar / Kosovan
48%
Maldives Demonym Maldivian
48%
Montenegro Language Montenegrin / Albanian / Bosnian / Croatian / Serbian
48%
Palau Language Palauan / English
48%
Saint Lucia Country Saint Lucia
48%
Serbia Demonym Serbian
48%
Slovakia Language Slovak
48%
Fiji Capital Suva
48%
Sweden Language Swedish
48%
Eritrea Language Tigrinya / Arabic / English
48%
South Africa Language Afrikaans / English / Ndebele / Sepedi / Sesotho / Setswana / South African Sign Language / Swazi / Tshivenda / Xhosa / Xitsonga / Zulu
47%
Oman Language Arabic
47%
Brunei Capital Bandar Seri Begawan
47%
Republic of the Congo Capital Brazzaville
47%
East Timor Capital Dili
47%
Kiribati Currency Dollar
47%
Liberia Currency Dollar
47%
Gambia Language English
47%
Papua New Guinea Language English / Hiri Motu / PNG Sign Language / Tok Pisin
47%
Singapore Language English / Malay / Mandarin / Tamil
47%
Kosovo Currency Euro
47%
San Marino Currency Euro
47%
Switzerland Language German / French / Italian / Romansh
47%
Marshall Islands Language Marshallese / English
47%
Mauritania Demonym Mauritanian
47%
Micronesia (Fed. St.) Country Micronesia (Fed. St.)
47%
Myanmar Country Myanmar
47%
Oman Demonym Omani
47%
Peru Demonym Peruvian
47%
Rwanda Country Rwanda
47%
Saint Vincent and the Grenadines Country Saint Vincent and the Grenadines
47%
Senegal Country Senegal
47%
Lesotho Language Sesotho / English
47%
Slovenia Language Slovene
47%
South Africa Demonym South African
47%
Sweden Capital Stockholm
47%
Sweden Demonym Swedish / Swede
47%
United Kingdom Country United Kingdom
47%
United States of America Country United States
47%
South Korea Currency Won
47%
Cameroon Capital Yaoundé
47%
Nigeria Capital Abuja
46%
Kyrgyzstan Capital Bishkek
46%
Guinea-Bissau Capital Bissau
46%
Guinea-Bissau Demonym Bissau-Guinean / Guinean
46%
Algeria Currency Dinar
46%
Bahrain Currency Dinar
46%
Guyana Currency Dollar
46%
United States of America Currency Dollar
46%
Botswana Language English
46%
Saint Lucia Language English
46%
United Kingdom Language English
46%
United States of America Language English
46%
Mauritius Language English / French
46%
Gabon Demonym Gabonese / Gabonaise
46%
Botswana Capital Gaborone
46%
Guyana Capital Georgetown
46%
Grenada Demonym Grenadian
46%
Norway Currency Krone
46%
United Kingdom Capital London
46%
Liberia Capital Monrovia
46%
Namibia Country Namibia
46%
Niger Demonym Nigerien
46%
South Africa Capital Pretoria / Cape Town / Bloemfontein
46%
Brazil Currency Real
46%
Moldova Language Romanian
46%
Samoa Country Samoa
46%
North Macedonia Capital Skopje
46%
Slovakia Demonym Slovak
46%
Slovenia Demonym Slovene / Slovenian
46%
Turkey Country Turkey
46%
Ukraine Country Ukraine
46%
United States of America Capital Washington D.C.
46%
United States of America Demonym American
45%
Mauritania Language Arabic
45%
Paraguay Capital Asunción
45%
Serbia Capital Belgrade
45%
Switzerland Capital Bern
45%
Comoros Demonym Comorian / Comoroese
45%
Saint Vincent and the Grenadines Language English
45%
Montenegro Currency Euro
45%
Slovakia Currency Euro
45%
Slovenia Currency Euro
45%
Niger Language French
45%
Malawi Demonym Malawian
45%
Maldives Capital Malé
45%
Montenegro Demonym Montenegrin
45%
Nauru Language Nauruan / English
45%
Burkina Faso Capital Ouagadougou
45%
United Kingdom Currency Pound
45%
Saint Kitts and Nevis Country Saint Kitts and Nevis
45%
Somalia Country Somalia
45%
Switzerland Demonym Swiss
45%
Honduras Capital Tegucigalpa
45%
Thailand Country Thailand
45%
Pakistan Language Urdu / English
45%
Uruguay Country Uruguay
45%
Vatican City Country and Capital Vatican City
45%
Marshall Islands Currency Dollar
44%
Micronesia (Fed. St.) Language English
44%
Saint Kitts and Nevis Language English
44%
Chad Currency Franc
44%
Côte d’Ivoire Demonym Ivorian / Ivory Coasters
44%
Rwanda Language Kinyarwanda / English / French / Swahili
44%
Madagascar Language Malagasy / French
44%
Mali Demonym Malian
44%
Oman Capital Muscat
44%
Benin Capital Porto-Novo
44%
Cabo Verde Capital Praia
44%
Seychelles Language Seychellois Creole / English / French
44%
Sri Lanka Demonym Sri Lankan
44%
Taiwan Country Taiwan
44%
Turkey Language Turkish
44%
Turkmenistan Country Turkmenistan
44%
Ukraine Language Ukrainian
44%
Vietnam Country Vietnam
44%
North Korea Currency Won
44%
Turkey Capital Ankara
43%
Madagascar Capital Antananarivo
43%
United Kingdom Demonym British / Briton
43%
Myanmar Demonym Burmese / Myanma
43%
Palau Currency Dollar
43%
Benin Currency Franc
43%
Democratic Republic of the Congo Currency Franc
43%
Côte d’Ivoire Currency Franc
43%
Iceland Currency Króna
43%
Ukraine Capital Kyiv
43%
Micronesia (Fed. St.) Demonym Micronesian
43%
Namibia Demonym Namibian
43%
Montenegro Capital Podgorica
43%
Samoa Language Samoan / English
43%
São Tomé and Príncipe Country São Tomé and Príncipe
43%
Thailand Language Thai
43%
Turkey Demonym Turkish / Turk
43%
Ukraine Demonym Ukrainian
43%
United Arab Emirates Country United Arab Emirates
43%
Eritrea Capital Asmara
42%
Thailand Capital Bangkok
42%
Myanmar Language Burmese
42%
El Salvador Currency Dollar
42%
Saint Lucia Currency Dollar
42%
Singapore Currency Dollar
42%
Malawi Language English
42%
Central African Republic Currency Franc
42%
Guyana Demonym Guyanese
42%
Vatican City Language Italian
42%
Marshall Islands Demonym Marshallese
42%
Palau Demonym Palauan
42%
Paraguay Demonym Paraguayan
42%
Papua New Guinea Capital Port Moresby
42%
East Timor Language Portuguese / Tetum
42%
Rwanda Demonym Rwandan / Rwandese
42%
Samoa Demonym Samoan
42%
Senegal Demonym Senegalese
42%
Somalia Language Somali / Arabic
42%
Uruguay Language Spanish / Uruguayan Sign Language
42%
Suriname Country Suriname
42%
Eswatini Demonym Swazi
42%
Syria Country Syria
42%
Tajikistan Country Tajikistan
42%
Thailand Demonym Thai
42%
Tunisia Country Tunisia
42%
Tuvalu Country Tuvalu
42%
Uganda Country Uganda
42%
Uzbekistan Country Uzbekistan
42%
Venezuela Country Venezuela
42%
Côte d’Ivoire Capital Yamoussoukro
42%
Ethiopia Language Amharic / Afar / Oromo / Somali / Tigrinya
41%
Mali Language Bambara / Bobo / Hassaniya Arabic / Bozo / Dogon, Toro So / Fula / Kassonke / Maninke / Minyanka / Senufo, Senara / Songhay, Koyraboro Senni / Soninke / Tamasheq / French
41%
Slovakia Capital Bratislava
41%
Saint Kitts and Nevis Currency Dollar
41%
Saint Vincent and the Grenadines Currency Dollar
41%
Cameroon Currency Franc
41%
Republic of the Congo Currency Franc
41%
Guinea Currency Franc
41%
Senegal Language French / Wolof / Pulaar
41%
Vietnam Capital Hanoi
41%
Slovenia Capital Ljubljana
41%
Nicaragua Capital Managua
41%
Mauritius Demonym Mauritian
41%
Papua New Guinea Demonym Papua New Guinean / Papuan
41%
Dominica Capital Roseau
41%
Singapore Demonym Singaporean
41%
Somalia Demonym Somali
41%
South Sudan Country South Sudan
41%
Sudan Country Sudan
41%
Taiwan Demonym Taiwanese
41%
Trinidad and Tobago Country Trinidad and Tobago
41%
Vietnam Demonym Vietnamese
41%
Vietnam Language Vietnamese
41%
United Arab Emirates Capital Abu Dhabi
40%
Syria Language Arabic
40%
United Arab Emirates Language Arabic
40%
Panama Currency Balboa / Dollar
40%
Central African Republic Capital Bangui
40%
Central African Republic Demonym Central African
40%
Guinea Capital Conakry
40%
Micronesia (Fed. St.) Currency Dollar
40%
`
Nauru Currency Dollar
40%
East Timor Demonym East Timorese / Timorese
40%
Comoros Currency Franc
40%
Gabon Currency Franc
40%
Burundi Capital Gitega / Bujumbura
40%
Gabon Capital Libreville
40%
Eswatini Capital Mbabane / Lobamba
40%
Uruguay Capital Montevideo
40%
Comoros Capital Moroni
40%
Israel Currency New Shekel
40%
Guinea-Bissau Language Portuguese
40%
Taiwan Capital Taipei
40%
Tanzania Country Tanzania
40%
Togo Country Togo
40%
Tonga Country Tonga
40%
Yemen Country Yemen
40%
Zambia Country Zambia
40%
Zimbabwe Country Zimbabwe
40%
Afghanistan Currency Afghani
39%
Tunisia Language Arabic
39%
Gambia Capital Banjul
39%
Benin Demonym Beninese / Beninoise
39%
Kuwait Currency Dinar
39%
Namibia Language English
39%
Trinidad and Tobago Language English
39%
Vatican City Currency Euro
39%
Djibouti Currency Franc
39%
Switzerland Curreny Franc
39%
Albania Currency Lek
39%
Nauru Demonym Nauruan
39%
São Tomé and Príncipe Language Portuguese
39%
Pakistan Currency Rupee
39%
Saint Lucia Demonym Saint Lucian
39%
Sierra Leone Country Sierra Leone
39%
Venezuela Language Spanish
39%
Sri Lanka Capital Sri Jayawardenepura Kotte / Colombo
39%
Syria Demonym Syrian
39%
Tunisia Capital Tunis
39%
Tunisia Demonym Tunisian
39%
Turkmenistan Language Turkmen
39%
Turkmenistan Demonym Turkmenistani / Turkmen
39%
Uzbekistan Demonym Uzbek / Uzbekistani
39%
Venezuela Capital Caracas
38%
Taiwan Language Chinese
38%
Senegal Capital Dakar
38%
Syria Capital Damascus
38%
Jordan Currency Dinar
38%
Guinea-Bissau Currency Franc
38%
Mozambique Capital Maputo
38%
Mozambique Language Portuguese
38%
Solomon Islands Country Solomon Islands
38%
Grenada Capital St. George's
38%
Tajikistan Language Tajik / Russian
38%
Venezuela Demonym Venezuelan
38%
Namibia Capital Windhoek
38%
Sudan Langauge Arabic / English
37%
Ecuador Currency Dollar
37%
Uganda Language English / Swahili
37%
Equatorial Guinea Demonym Equatoguinean / Equatorial Guinean
37%
Burkina Faso Currency Franc
37%
Equatorial Guinea Capital Malabo / Ciudad de la Paz
37%
Niger Capital Niamey
37%
Vatican City Demonym None / Vatican
37%
Mauritania Capital Nouakchott
37%
Panama Demonym Panamanian
37%
Mauritius Capital Port Louis
37%
São Tomé and Príncipe Capital São Tomé
37%
Sudan Demonym Sudanese
37%
Tanzania Language Swahili / English
37%
Tuvalu Language Tuvaluan / English
37%
Uruguay Demonym Uruguayan
37%
Uzbekistan Language Uzbek
37%
Mali Capital Bamako
36%
Belize Demonym Belizean
36%
Sierra Leone Language English / Bengali
36%
Liechtenstein Currency Franc
36%
Niger Currency Franc
36%
Malawi Capital Lilongwe
36%
Lesotho Capital Maseru
36%
Myanmar Capital Naypyidaw
36%
Uruguay Currency Peso
36%
Sri Lanka Language Sinhala / Tamil
36%
Tajikistan Demonym Tajikistani / Tajik
36%
Tonga Language Tongan / English
36%
Uganda Demonym Ugandan
36%
Vanuatu Country Vanuatu
36%
Yemen Language Arabic
35%
Libya Currency Dinar
35%
Brunei Currency Dollar
35%
Trinidad and Tobago Currency Dollar
35%
East Timor Currency Dollar / Centavo
35%
Solomon Islands Language English
35%
Burundi Currency Franc
35%
Equatorial Guinea Currency Franc
35%
Mali Currency Franc
35%
Rwanda Capital Kigali
35%
Sweden Currency Krona
35%
Somalia Capital Mogadishu
35%
South Sudan Demonym South Sudanese
35%
Tanzania Demonym Tanzanian
35%
Yemen Demonym Yemeni / Yemenite
35%
Poland Currency Złoty
35%
Samoa Capital Apia
34%
Iraq Currency Dinar
34%
Namibia Currency Dollar / Rand
34%
Sudan Capital Khartoum
34%
Sri Lanka Currency Rupee
34%
El Salvador Demonym Salvadoran
34%
Suriname Demonym Surinamese
34%
Kiribati Capital Tarawa
34%
Tonga Demonym Tongan
34%
Seychelles Capital Victoria
34%
Zambia Demonym Zambian
34%
Burkina Faso Demonym Burkinabé / Burkinese
33%
Zimbabwe Language Chewa / Chibarwe / English / Kalanga / Koisan / Nambya / Ndau / Ndebele / Shangani / Shona / Sotho / Tonga / Tswana / Venda / Xhosa / Zimbabwean Sign Language
33%
Tuvalu Currency Dollar
33%
Suriname Language Dutch
33%
Senegal Currency Franc
33%
South Africa Currency Rand
33%
Nepal Currency Rupee
33%
Solomon Islands Currency Dollar
32%
United Arab Emirates Demonym Emirati
32%
Zambia Language English
32%
Sierra Leone Capital Freetown
32%
Togo Language French
32%
Madagascar Demonym Malagasy
32%
Suriname Capital Paramaribo
32%
Yemen Capital Sanaa
32%
Uzbekistan Capital Tashkent
32%
Tuvalu Demonym Tuvaluan
32%
Zimbabwe Demonym Zimbabwean
32%
Turkmenistan Capital Ashgabat
31%
Vanuatu Language Bislama / English / French
31%
Cabo Verde Demonym Cape Verdean / Cabo Verdean
31%
Saint Lucia Capital Castries
31%
South Sudan Language English
31%
South Sudan Capital Juba
31%
Uganda Capital Kampala
31%
Saint Vincent and the Grenadines Capital Kingstown
31%
Marshall Islands Capital Majuro
31%
Philippines Currency Peso
31%
Trinidad and Tobago Demonym Trinidadian / Tobagodian
31%
Saint Kitts and Nevis Capital Basseterre
30%
Tajikistan Capital Dushanbe
30%
Czech Republic Currency Koruna
30%
Palau Capital Ngerulmud
30%
Micronesia (Fed. St.) Capital Palikir
30%
Trinidad and Tobago Capital Port of Spain
30%
Egypt Currency Pound
30%
Seychelles Demonym Seychellois / Seychelloise / Seselwa
30%
Tanzania Capital Dodoma
29%
Suriname Currency Dollar
29%
Taiwan Currency Dollar
29%
Zimbabwe Capital Harare
29%
Liechtenstein Demonym Liechtensteiner
29%
Turkey Currency Lira
29%
Indonesia Currency Rupiah
29%
Nauru Capital Yaren
29%
Bulgaria Currency Lev
28%
Hungary Currency Forint
27%
Rwanda Currency Franc
27%
Ghana Demonym Ghanaian
27%
Eswatini Currency Lilangeni / Rand
27%
Bosnia and Herzegovina Currency Mark
27%
São Tomé and Príncipe Demonym São Toméan / Santomean
27%
Kenya Currency Shilling
27%
Solomon Islands Demonym Solomon Islander / Solomonese
27%
Thailand Currency Baht
26%
Lesotho Currency Loti / Rand
26%
Monaco Demonym Monégasque
26%
Cambodia Currency Riel / Dollar
26%
Togo Demonym Togolese
26%
Togo Currency Franc
25%
Solomon Islands Capital Honiara
25%
Togo Capital Lomé
25%
Zambia Capital Lusaka
25%
Guatemala Currency Quetzal
25%
Iran Currency Rial
25%
Bolivia Currency Boliviano
24%
Tunisia Currency Dinar
24%
Tonga Capital Nuku'alofa
24%
Saint Vincent and the Grenadines Demonym Vincentian / Grenadinian
24%
Vietnam Currency Đồng
23%
Venezuela Currency Bolivar
22%
Armenia Currency Dram
22%
Tuvalu Capital Funafuti
22%
Angola Currency Kwanza
22%
Romania Currency Leu
22%
Vanuatu Capital Port Vila
22%
Lebanon Currency Pound
22%
Malaysia Currency Ringgit
22%
Saudi Arabia Currency Riyal
22%
Costa Rica Currency Colón
21%
Saint Kitts and Nevis Demonym Kittitian / Nevisian
21%
Moldova Currency Leu
21%
Sierra Leone Demonym Sierra Leonean
21%
Bangladesh Currency Taka
21%
Cabo Verde Currency Escudo
20%
Azerbaijan Currency Manat
20%
Oman Currency Rial
20%
Qatar Currency Riyal
20%
Peru Currency Sol
19%
Serbia Currency Dinar
18%
Morocco Currency Dirham
18%
Paraguay Currency Guaraní
18%
Sudan Currency Pound
18%
Tanzania Currency Shilling
18%
Laos Currency Kip
17%
Georgia Currency Lari
17%
South Sudan Currency Pound
17%
Kyrgyzstan Currency Som
17%
Ethiopia Currency Birr
16%
United Arab Emirates Currency Dirham
16%
Haiti Currency Gourde
16%
Mozambique Demonym Mozambican
16%
Botswana Currency Pula
16%
Uganda Currency Shilling
16%
North Macedonia Currency Denar
15%
Nigeria Currency Naira
15%
Bhutan Currency Ngultrum
15%
Somalia Currency Shilling
15%
Kazakhstan Currency Tenge
15%
Maldives Language Dhivehi
14%
Honduras Currency Lempira
14%
Mauritius Currency Rupee
14%
San Marino Demonym Sammarinese
14%
Madagascar Currency Ariary
13%
Nicaragua Currency Córdoba
13%
Gambia Currency Dalasi
13%
Ukraine Currency Hryvnia
13%
Burkina Faso Language Mooré / Bissa / Dyula / Fula
13%
Eritrea Currency Nakfa
13%
Syria Currency Pound
13%
Maldives Currency Rufiyaa
13%
Mongolia Currency Tögrög
13%
Kiribati Demonym I-Kiribati
12%
Malawi Currency Kwacha
12%
Myanmar Currency Kyat
12%
Mozambique Currency Metical
12%
Seychelles Currency Rupee
12%
Botswana Demonym Batswana / Motswana
11%
Ghana Currency Cedi
11%
Papua New Guinea Currency Kina
11%
Sierra Leone Currency Leone
11%
Mauritania Currency Ouguiya
11%
Yemen Currency Rial
11%
São Tomé and Príncipe Currency Dobra
9%
Zimbabwe Currency Gold/ ZiG
9%
Lesotho Demonym Mosotho / Basotho
9%
Tajikistan Currency Somoni
9%
Samoa Currency Tālā
9%
Turkmenistan Currency Manat
8%
Tonga Currency Pa'anga
8%
Uzbekistan Currency Sum / So'm
8%
Vanuatu Currency Vatu
8%
Zambia Currency Kwacha
7%
Vanuatu Demonym Ni-Vanuatu
4%
No matching quizzes found
Score Distribution
Percent of People with Each Score
Percentile by Number Answered
Your Score History
You have not taken this quiz since the last reset